000 01802nam a2200337Ia 4500
001 ebr10018382
003 CaPaEBR
006 m u
007 cr cn|||||||||
008 020311s2002 inua sb s001 0 eng d
010 _z 2002003703
020 _z0253341574 (cloth : alk. paper)
020 _z0253215544 (pbk. : alk. paper)
040 _aCaPaEBR
_cCaPaEBR
035 _a(OCoLC)614649584
050 1 4 _aPQ3980.5
_b.T56 2002eb
100 1 _aThomas, Dominic Richard David.
245 1 0 _aNation-building, propaganda, and literature in Francophone Africa
_h[electronic resource] /
_cDominic Thomas.
260 _aBloomington :
_bIndiana University Press,
_cc2002.
300 _axv, 270 p. :
_bill.
504 _aIncludes bibliographical references (p. [229]-254) and index.
505 0 _aIntroduction: engineering history and engineering literature -- Official writers: the engineers of the Congolese soul -- Sony Labou Tansi: commitment, oppositionality, and resistance -- Henri Lopes: collaboration, confession, and testimony -- Emmanuel Dongala: history, memory, and reconciliation -- National conferences and media decentralization in Francophone Africa.
533 _aElectronic reproduction.
_bPalo Alto, Calif. :
_cebrary,
_d2013.
_nAvailable via World Wide Web.
_nAccess may be limited to ebrary affiliated libraries.
650 0 _aAfrican literature (French)
_xHistory and criticism.
650 0 _aNationalism and literature
_zAfrica, French-speaking.
650 0 _aPolitics and literature
_zAfrica, French-speaking.
650 0 _aPropaganda
_zAfrica, French-speaking.
655 7 _aElectronic books.
_2local
710 2 _aebrary, Inc.
856 4 0 _uhttp://site.ebrary.com/lib/rucke/Doc?id=10018382
_zAn electronic book accessible through the World Wide Web; click to view
999 _c29458
_d29458